|
|
|
|
| LEADER |
00000nab a2200000 a 4500 |
| 001 |
vtls000537305 |
| 003 |
SK-MaSNL |
| 005 |
20260304022805.0 |
| 008 |
220422c1993 xo 0 slo |
| 015 |
|
|
|a SNBRA19rr/mm-uuuuu
|
| 035 |
|
|
|a CL0537443
|
| 040 |
|
|
|a SNKBUCL
|b slo
|c SNKBUCL
|e AACR2
|
| 041 |
0 |
|
|a slo
|
| 044 |
|
|
|a xo
|c SK
|
| 080 |
|
|
|a 616.62-008.22-089
|2 1981
|
| 245 |
0 |
0 |
|a Príčiny pretrvávania inkontinencie moču u žien po chirurgickej liečbe ; Aut. Ladislav Valanský, Vladimír Drahovský, Lýdia Kaminská, Jozef Pačin
|
| 300 |
|
|
|b Tab. 5, res. angl., slov., lit. 17 zázn. v angl., franc., slov.
|
| 650 |
0 |
7 |
|a inkontinencia moču
|2 snkbucl
|9 2497
|
| 655 |
|
7 |
|a články zo zborníkov
|2 snkbucl
|9 166140
|
| 700 |
1 |
|
|a Valanský, Ladislav,
|d 1947-
|4 aut
|9 210646
|
| 700 |
1 |
|
|a Drahovský, Vladimír,
|d 1922-2007
|4 aut
|9 48437
|
| 700 |
1 |
|
|a Kaminská, Lýdia
|4 aut
|9 986321
|
| 700 |
1 |
|
|a Pačin, Jozef,
|d 1932-
|4 aut
|9 6767
|
| 773 |
0 |
|
|t Folia Facultatis medicae Universitatis Šafarikianae Cassoviensis 50
|d Martin : Osveta, 1993
|g S. 209-216
|z 8021705132
|
| 850 |
|
|
|a Slovenská národná knižnica v Martine
|a MTA001
|
| 852 |
|
|
|a SNK
|b KIS3GCP
|
| 958 |
|
|
|a NB
|
| 958 |
|
|
|a RK
|
| 958 |
|
|
|a ME
|
| 992 |
|
|
|a RZB
|
| 999 |
|
|
|c 2612976
|d 2614906
|